000
00321nam a2200133Ia 4500
008
190216s9999||||xx |||||||||||||| ||und||
100
_a
James R Durig
245
0
_a
Vibrational Spectra And Structure
250
_a
1st Ed.
260
_b
Marcel Dekker
_c
1972
300
_a
196
650
_a
Chemistry-Chemistry
942
_c
BK
999
_c
2434
_d
2434